Ilias, Odyssee / (Record no. 68605)
[ view plain ]
| 000 -LEADER | |
|---|---|
| fixed length control field | 00617cam1a220021700 4500 |
| 001 - CONTROL NUMBER | |
| control field | tmp15336636 |
| 003 - CONTROL NUMBER IDENTIFIER | |
| control field | UPRA |
| 005 - DATE AND TIME OF LATEST TRANSACTION | |
| control field | 20190815105854.0 |
| 008 - FIXED-LENGTH DATA ELEMENTS--GENERAL INFORMATION | |
| fixed length control field | 950731s1955 ne dut u |
| 035 ## - SYSTEM CONTROL NUMBER | |
| System control number | (Sirsi) r121193 |
| 035 ## - SYSTEM CONTROL NUMBER | |
| System control number | (UPRA)tmp15336636 |
| 040 ## - CATALOGING SOURCE | |
| Transcribing agency | UPRA |
| 100 0# - MAIN ENTRY--PERSONAL NAME | |
| Personal name | Homer. |
| Linkage | A32201.1 |
| 245 10 - TITLE STATEMENT | |
| Title | Ilias, Odyssee / |
| Statement of responsibility, etc. | [ed. by] J.C. Bruijn [and] C. Spoelder. |
| 250 ## - EDITION STATEMENT | |
| Edition statement | 5de druk. |
| 260 ## - PUBLICATION, DISTRIBUTION, ETC. | |
| Place of publication, distribution, etc. | Haarlem : |
| Name of publisher, distributor, etc. | H.D. Tjeenk Willink, |
| Date of publication, distribution, etc. | 1955. |
| 700 1# - ADDED ENTRY--PERSONAL NAME | |
| Personal name | Bruijn, J. C. |
| Linkage | A88374.1 |
| 700 1# - ADDED ENTRY--PERSONAL NAME | |
| Personal name | Spoelder, Cornelis. |
| Linkage | A88375.1 |
| 949 ## - LOCAL PROCESSING INFORMATION (OCLC) | |
| a | PA4018 |
| w | lcc |
| i | -174224 |
| m | MAIN |
| t | BOOK |
| l | ON-SHELF |
No items available.